| 000 | 00680nam a2200217 i 4500 | ||
|---|---|---|---|
| 001 | 134772 | ||
| 003 | ES-MaACL | ||
| 005 | 20250829133329.0 | ||
| 007 | t| | ||
| 008 | 070913s1952 sp ||||1| spa d | ||
| 100 | 1 |
_aYcaza Tigerino, Julio. _9117598 |
|
| 245 | 1 | 0 |
_aOriginalidad de Hispanoamérica / _cJulio Ycaza Tigerino. |
| 260 |
_aMadrid : _b[Cultura Hispánica], _c1952. |
||
| 300 |
_a196 p. ; _c21 cm. |
||
| 490 | 1 |
_aCuadernos de monografías ; _v9 |
|
| 650 | 7 |
_aHispanidad _2embne _9139321 |
|
| 651 | 4 |
_aAmérica Latina- _xCivilización _97742 |
|
| 830 | 1 |
_aCuadernos de monografías ; _v9 _9183354 |
|
| 852 |
_aES-MaACL _jD-8197 |
||
| 999 |
_c134772 _d134772 |
||